| 000 | 02235nam0a2200373 i 4500 | ||
|---|---|---|---|
| 001 | RU\NLR\BIBL_A\011595658 | ||
| 005 | 20260607073240.0 | ||
| 010 |
_a9785970444955 _91500 |
||
| 021 |
_aRU _b2017-96411 _96932 |
||
| 035 | _a(RuMoRGB)009486082 | ||
| 035 | _a(NLR Aleph) 011595658 | ||
| 090 |
_a10859997 _c10859997 |
||
| 100 | _a20180116d2018 u y0rusy50 ca | ||
| 101 | 0 | _arus | |
| 102 | _aRU | ||
| 105 | _aa|||j|||000zy | ||
| 200 | 1 |
_aОказание первичной доврачебной медико-санитарной помощи при неотложных и экстремальных состояниях _eучебник для медицинских колледжей и училищ _fИ.П. Левчук, С.Л. Соков, А.В. Курочка, А.П. Назаров |
|
| 210 |
_aМосква _cГЭОТАР-Медиа _d2018 [т.е. 2017] |
||
| 215 |
_a282 с. _cил., табл. _d22 |
||
| 300 | _aНа обороте тит. л. авт.: И.П. Левчук, к.м.н., проф., С.Л. Соков, д.м.н., проф., А.В. Курочка, А.П. Назаров, кандидаты мед. наук, доценты | ||
| 300 | _aКн. фактически изд. в 2017 г. | ||
| 320 | _aБиблиогр.: с. 282 | ||
| 606 | 1 |
_aЧрезвычайные ситуации _jУчебники для среднего профессионального образования _xМедико-санитарное обслуживание населения _yРоссийская Федерация _92403326 _3RU\NLR\AUTH\661432447 |
|
| 686 |
_aР35,31я723-1 _2rubbk |
||
| 686 | 1 | _aР11(2)23я72-1 | |
| 686 | 1 | _aР35,31я72-1 | |
| 701 | 1 |
_7ca _8rus _aЛевчук _bИ. П. _gИгорь Петрович _9176718 _3RU\NLR\AUTH\770176769 |
|
| 701 | 1 |
_7ca _8rus _aСоков _bС. Л. _f1957- _gСергей Леонидович _9112096 _3RU\NLR\AUTH\772079 |
|
| 701 | 1 |
_aКурочка _bА. В. _gАндрей Владимирович |
|
| 701 | 1 |
_7ca _8rus _aНазаров _bА. П. _cканд. мед. наук _gАлександр Петрович _3RU\NLR\AUTH\770153867 _9153829 |
|
| 942 | _cBOOK | ||
| 980 | _aNBR | ||